000 00416nam a2200181Ia 4500
005 20250603145922.0
008 250603s9999 xx 000 0 und d
020 _a9789780695996
050 _aPR 9387.9 .I44/
100 _aIke, Vincent Chukwuemeka
245 4 _aThe potter's wheel
260 _aIbadan
260 _bUniversity Press
260 _c2011
300 _a265 p
650 _aIbadan
942 _cBK
999 _c43241
_d43241